Normal view
MARC view
- National Association of Counties
Entry Personal Name
001 - CONTROL NUMBER
- control field: 19991
003 - CONTROL NUMBER IDENTIFIER
- control field: NUST
005 - DATE AND TIME OF LATEST TRANSACTION
- control field: 20190905090353.0
008 - FIXED-LENGTH DATA ELEMENTS
- fixed length control field: 190905|| aca||aabn | a|a d
040 ## - CATALOGING SOURCE
- Original cataloging agency: NUST
- Transcribing agency: NUST
100 ## - HEADING--PERSONAL NAME
- Personal name: National Association of Counties
670 ## - SOURCE DATA FOUND
- Source citation: Work cat.: (NUST): National Association of Counties, Handbook on Training for Road, 1986
